00000000nam 2200000zi 4500
0019.938351
003CaOODSP
00520241105091613
006m     o  d f      
007cr cn|||||||||
008240515t20232023oncb    ob   f000 0 eng d
020 |a9780660719764
040 |aCaOODSP|beng|erda|cCaOODSP
043 |an-cn-bc
0861 |aCW69-14/837-2024E-PDF
24500|aCOSEWIC assessment and status report on the threespine stickleback species bundle, Gasterosteus aculeatus, in Canada.
264 1|aOttawa, ON : |bCommittee on the Status of Endangered Wildlife in Canada = Comité sur la situation des espèces en péril au Canada, |c2023.
264 4|c©2023
300 |a1 online resource (lxiii, 103 pages) : |bmaps
336 |atext|btxt|2rdacontent
337 |acomputer|bc|2rdamedia
338 |aonline resource|bcr|2rdacarrier
500 |aCover title.
500 |aIssued also in French under title: Évaluation et rapport de situation du COSEPAC sur le groupe d'espèces d'épinoches à trois épines, Gasterosteus aculeatus, au Canada.
504 |aIncludes bibliographical references (pages 60-74).
5050 |aGiant threespine stickleback - Special concern -- Unarmoured threespine stickleback - Endangered -- Misty Lake lentic threespine stickleback - Endangered -- Misty Lake lotic threespine stickleback - Endangered -- Paxton Lake benthic threespine stickleback - Endangered -- Paxton Lake limnetic threespine stickleback - Endangered -- Vananda Creek benthic threespine stickleback - Endangered -- Vananda Creek limnetic threespine stickleback - Endangered -- Little Quarry Lake benthic threespine stickleback - Threatened -- Little Quarry Lake limnetic threespine stickleback - Threatened -- Enos Lake benthic threespine stickleback - Extinct -- Enos Lake limnetic threespine stickleback - Extinct - 2023.
520 |a"The global range of the Threespine Stickleback species bundle assessed by COSEWIC in this report is restricted to the west coast of British Columbia (BC)"--Distribution, page x.
650 0|aThreespine stickleback|zBritish Columbia.
650 0|aRare fishes|zBritish Columbia.
7102 |aCommittee on the Status of Endangered Wildlife in Canada, |eissuing body.
77508|tÉvaluation et rapport de situation du COSEPAC sur le groupe d'espèces d'épinoches à trois épines, Gasterosteus aculeatus, au Canada.|w(CaOODSP)9.938352
85640|qPDF|s2.64 MB|uhttps://publications.gc.ca/collections/collection_2024/eccc/cw69/CW69-14-837-2024-eng.pdf
8564 |qHTML|sN/A|uhttps://www.canada.ca/en/environment-climate-change/services/species-risk-public-registry/cosewic-assessments-status-reports/threespine-stickleback-species-bundle.html